25 Most Valuable Spanish Footballers - Statistics

General Stats
  • This quiz has been taken 104 times
  • The average score is 15 of 25
Answer Stats
Club Player % Correct
Barcelona Pedri
85%
Atletico Madrid Koke
84%
Juventus Alvaro Morata
80%
Manchester City Rodri
79%
Manchester City Ferran Torres
77%
Villarreal Pau Torres
74%
Liverpool Thiago
74%
Barcelona Ansu Fati
72%
Atletico Madrid Saul Níguez
71%
Real Sociedad Mikel Oyarzabal
70%
Real Madrid Daniel Carvajal
67%
RB Leipzig Dani Olmo
66%
Real Madrid Marco Asensio
65%
Atletico Madrid Marcos Llorente
65%
Napoli Fabian Ruiz
56%
Lazio Luis Alberto
56%
Villarreal Gerard Moreno
50%
Wolverhampton Wanderers Adama Traore
49%
RB Leipzig Angelino
48%
Valencia Carlos Soler
42%
Valencia Jose Gaya
42%
Arsenal Dani Ceballos
41%
Athletic Bilbao Unai Simon
40%
Real Sociedad Mikel Merino
37%
Atletico Madrid Mario Hermoso
35%
No matching quizzes found
Score Distribution
Percent of People with Each Score
Percentile by Number Answered
Your Score History
You have not taken this quiz